Libertad de Expresin̤ y Derecho a Promover y Proteger los Derechos Humanos

Bibliographic Details
Main Author: Saura Freixes, Nuria
Format: Book
Language:Spanish
Published: Barcelona J.M. Bosch Editor 2015
Subjects:
Online Access:Acceso restringido

MARC

LEADER 00000nam a22000007a 4500
005 20160519145439.0
007 cr|||| ||u|
008 160519s2015 sp ||||| |||| 00||0 spa d
020 |a 978-84-944059-8-3 
035 |a 14233 
040 |a vLex  
090 |c 6085  |d 6085 
100 1 |a Saura Freixes, Nuria  
245 1 0 |a Libertad de Expresin̤ y Derecho a Promover y Proteger los Derechos Humanos  |h [Recurso electrn̤ico] /  |c Nuria Saura Freixes  
256 |a Servicio en ln̕ea  
260 |a Barcelona  |b J.M. Bosch Editor  |c 2015 
300 |a 1 recurso electrn̤ico  
506 1 |a Contenido solo disponible en los productos indicados  |d vLex Global  |d vLex Global (Academic Edition, excluding Law Schools)  |d vLex Global (U.S. Academic Edition, Law Schools)  |d vLex Global (U.S. Academic Edition, excluding Law Schools)  |d vLex Global (Academic Edition, Law Schools) 
650 0 4 |a Derecho humanos  |z Barcelona 
740 0 |a vLex libros (servicio en ln̕ea)  
856 4 0 |u http://vlex.com/source/libertad-expresion-derecho-promover-proteger-derechos-humanos-14223  |z Acceso restringido  
942 |c BOOK 
999 0 |a Human rights  |b Barcelona